|
|
|
|
| LEADER |
00000cam a2200000 7i4500 |
| 001 |
0000003765 |
| 005 |
20110603.0 |
| 020 |
0 |
0 |
|a 9834114400
|
| 090 |
0 |
0 |
|a 333.7
|b MACN 2002
|
| 100 |
0 |
1 |
|a Mcnally, Richard
|
| 245 |
1 |
0 |
|a Environmental economics :
|b A practical guide
|
| 260 |
0 |
0 |
|a UK&Malaysia :
|b WWF-UK and University Putra Malaysian ,
|c 2002
|
| 300 |
|
|
|a 133 p. :
|b ill. ;
|c 25 cm.
|
| 500 |
0 |
0 |
|a Includes references and index
|
| 650 |
0 |
0 |
|a Economics and environmental valuation
|
| 650 |
0 |
0 |
|a Economics instrument
|
| 650 |
0 |
0 |
|a Environmental economics
|
| 650 |
0 |
0 |
|a Sustainable development
|
| 700 |
0 |
1 |
|a Mohd. Shahwahid Hj. Othman
|
| 999 |
|
|
|a 007610
|b Monograph
|c Open Shelf
|e Default branch
|